000 00430nam a2200181Ia 4500
001 19375
005 20260306172648.0
008 260306t2001||||xx |||||||||||||| ||spa||
041 _aESP
082 _a658.848
_bG23
100 _aGarcía-Sordo, Juan B.
_eAUT
245 0 _aMarketing internacional
260 _c2001
300 _axxv, 549 páginas :
_c23 cm.
650 _aGEN
654 _aCAN
942 _cLIB
_dJUS
_fJUS
_2ddc
_n
999 _c19375
_d19375